Podział administracyjny Słowenii - Statystyki

Ogólne statystyki
  • Ten quiz został rozwiązany 6 razy
  • Średni wynik to 3 z 212
Statystyki odpowiedzi
Gmina % Poprawnych
Lublana
80%
Koper
40%
Maribor
40%
Apače
20%
Celje
20%
Izola
20%
Kranj
20%
Luče
20%
Murska Sobota
20%
Piran
20%
Ajdovščina
0%
Ankaran
0%
Beltinci
0%
Benedikt
0%
Bistrica ob Sotli
0%
Bled
0%
Bloke
0%
Bohinj
0%
Borovnica
0%
Bovec
0%
Braslovče
0%
Brda
0%
Brežice
0%
Brezovica
0%
Cankova
0%
Cerklje na Gorenjskem
0%
Cerknica
0%
Cerkno
0%
Cerkvenjak
0%
Cirkulane
0%
Črenšovci
0%
Črna na Koroškem
0%
Črnomelj
0%
Destrnik
0%
Divača
0%
Dobje
0%
Dobrepolje
0%
Dobrna
0%
Dobrova-Polhov Gradec
0%
Dobrovnik
0%
Dolenjske Toplice
0%
Dol pri Ljubljani
0%
Domžale
0%
Dornava
0%
Dravograd
0%
Duplek
0%
Gorenja vas-Poljane
0%
Gorišnica
0%
Gorje
0%
Gornja Radgona
0%
Gornji Grad
0%
Gornji Petrovci
0%
Grad
0%
Grosuplje
0%
Hajdina
0%
Hoče-Slivnica
0%
Hodoš
0%
Horjul
0%
Hrastnik
0%
Hrpelje-Kozina
0%
Idrija
0%
Ig
0%
Ilirska Bistrica
0%
Ivančna Gorica
0%
Jesenice
0%
Jezersko
0%
Juršinci
0%
Kamnik
0%
Kanal ob Soči
0%
Kidričevo
0%
Kobarid
0%
Kobilje
0%
Kočevje
0%
Komen
0%
Komenda
0%
Kostanjevica na Krki
0%
Kostel
0%
Kozje
0%
Kranjska Gora
0%
Križevci
0%
Krško
0%
Kungota
0%
Kuzma
0%
Laško
0%
Lenart
0%
Lendava
0%
Litija
0%
Ljubno
0%
Ljutomer
0%
Logatec
0%
Log-Dragomer
0%
Loška dolina
0%
Loška Potok
0%
Lovrenc na Pohorju
0%
Lukovica
0%
Majšperk
0%
Makole
0%
Markovci
0%
Medvode
0%
Mengeš
0%
Metlika
0%
Mežica
0%
Miklavž na Dravskem polju
0%
Miren-Kostanjevica
0%
Mirna
0%
Mirna Peč
0%
Mislinja
0%
Mokronog Trebelno
0%
Moravče
0%
Moravske Toplice
0%
Mozirje
0%
Muta
0%
Naklo
0%
Nazarje
0%
Nova Gorica
0%
Novo mesto
0%
Odranci
0%
Oplotnica
0%
Ormož
0%
Osilnica
0%
Pesnica
0%
Pivka
0%
Podčetrtek
0%
Podlehnik
0%
Podvelka
0%
Poljčane
0%
Polzela
0%
Postojna
0%
Prebold
0%
Preddvor
0%
Prevalje
0%
Ptuj
0%
Puconci
0%
Rače-Fram
0%
Radeče
0%
Radenci
0%
Radlje ob Dravi
0%
Radovljica
0%
Ravne na Koroškem
0%
Razkrižje
0%
Rečica ob Savinji
0%
Renče-Vogrsko
0%
Ribnica
0%
Ribnica na Pohorju
0%
Rogaška Slatina
0%
Rogašovci
0%
Rogatec
0%
Ruše
0%
Šalovci
0%
Selnica ob Dravi
0%
Semič
0%
Šempeter-Vrtojba
0%
Šenčur
0%
Šentilj
0%
Šentjernej
0%
Šentjur pri Celju
0%
Šentrupert
0%
Sevnica
0%
Sežana
0%
Škocjan
0%
Škofja Loka
0%
Škofljica
0%
Slovenj Gradec
0%
Slovenska Bistrica
0%
Slovenske Konjice
0%
Šmarje pri Jelšah
0%
Šmarješke Toplice
0%
Šmartno ob Paki
0%
Šmartno pri Litiji
0%
Sodražica
0%
Solčava
0%
Šoštanj
0%
Središče ob Dravi
0%
Starše
0%
Štore
0%
Straža
0%
Sveta Ana
0%
Sveta Trojica v Slovenskih goricah
0%
Sveti Andraž v Slovenskih goricah
0%
Sveti Jurij ob Ščavnici
0%
Sveti Jurij v Slovenskih goricah
0%
Sveti Tomaž
0%
Tabor
0%
Tišina
0%
Tolmin
0%
Trbovlje
0%
Trebnje
0%
Trnovska vas
0%
Tržič
0%
Trzin
0%
Turnišče
0%
Velenje
0%
Velika Polana
0%
Velike Lašče
0%
Veržej
0%
Videm
0%
Vipava
0%
Vitanje
0%
Vodice
0%
Vojnik
0%
Vransko
0%
Vrhnika
0%
Vuzenica
0%
Zagorje ob Savi
0%
Žalec
0%
Zavrč
0%
Železniki
0%
Žetale
0%
Žiri
0%
Žirovnica
0%
Zreče
0%
Žužumberk
0%
Nie znaleziono quizów pasujących do podanych kryteriów
Rozkład punktacji
Procent ludzi z każdym wynikiem
Percentyl według liczby udzielonych odpowiedzi
Twoja historia wyników
Nie rozwiązałeś tego quizu